Buhen /

Saved in:

Main Author: Randall-MacIver, David, 1873-1945 (Author)

Other Authors: Woolley, Leonard, 1880-1960.

Format: Book

Language: English

Published: Philadelphia : University Museum, 1911.

Series: University of Pennsylvania : Egyptian department of the University Museum. Eckley B. Coxe Junior expedition to Nubia ; 7-8.

Subjects:

Tags: Add Tag

No Tags, Be the first to tag this record!

Call Number: DT57 .P4 v.7-8

LEADER 00936namaa2200265 4500
001 19066
003 OSt
005 20260421083738.0
008 130303s1911 pauaef 000 0 eng d
010 |a 16014958 
040 |c ARCE Library 
043 |a f-ua--- 
050 4 |a DT57 .P4 v.7-8 
100 1 |a Randall-MacIver, David,  |d 1873-1945,  |e author 
245 1 0 |a Buhen /  |c by D. Randall-Maciver and C. Leonard Woolley. 
264 1 |a Philadelphia :   |b University Museum,   |c 1911. 
300 |a 2 volumes :   |b color illustrations, plans, plates, plans A-G (2 folded) ;   |c 28 cm. 
490 0 |a University of Pennsylvania : Egyptian department of the University Museum. Eckley B. Coxe Junior expedition to Nubia ;   |v 7-8. 
505 0 |a [1] Text. -- [2] Plates. 
651 0 |a Egypt  |x Antiquities. 
651 0 |a Buhen (Extinct)  |x Antiquities. 
700 1 |a Woolley, Leonard,  |d 1880-1960.  |9 42377 
901 |a reviewed 
942 |c BK  |2 lcc 
999 |c 16086  |d 16086